书目信息 |
| 题名: |
尘世艰难
|
|
| 作者: | 阿帕里西奥 著 ;蒋宗曹 , 尹承东 译 | |
| 分册: | ||
| 出版信息: | 哈尔滨 黑龙江人民出版社 1984 |
|
| 页数: | 242页 | |
| 开本: | 19cm | |
| 丛书名: | 西班牙葡萄牙语文学丛书 | |
| 单 册: | ||
| 中图分类: | I775.4 | |
| 科图分类: | ||
| 主题词: | 短篇小说--哥伦比亚--现代--选集 , 文学 | |
| 电子资源: | ||
| ISBN: | ||
| 000 | 00972nam2 2200325 45 | |
| 001 | 0184004250 | |
| 005 | 20040413112223.5 | |
| 010 | @dCNY1.10 | |
| 091 | @a10093.640 | |
| 100 | @a19950705d1984 em y0chiy0121 ea | |
| 101 | 1 | @achi@cspa |
| 102 | @aCN@b230000 | |
| 105 | @ay z 000ay | |
| 106 | @ar | |
| 200 | 10 | @a尘世艰难@Achen shi jian nan@f(哥伦比亚)F.S.阿帕里西奥著@g蒋宗曹,尹承东译 |
| 210 | @a哈尔滨@c黑龙江人民出版社@d1984 | |
| 215 | @a242页@d19cm | |
| 225 | 2 | @a西班牙葡萄牙语文学丛书 |
| 300 | @a书名原文:La Rebelion de Las Ratas | |
| 410 | 0 | @120010@a西班牙葡萄牙语文学丛书 |
| 510 | 1 | @aLa Rebelion de Las Ratas@zspa |
| 606 | @a短篇小说@y哥伦比亚@z现代@x选集 | |
| 606 | 0 | @a文学 |
| 690 | @aI775.4 | |
| 701 | 1 | @a阿帕里西奥@Aa pa li xi ao@bF.S.@4著 |
| 702 | 0 | @a蒋宗曹@Ajiang zong cao@4译 |
| 702 | 0 | @a尹承东@Ayin cheng dong@4译 |
| 801 | 0 | @aCN@b上海图书馆@c20040413 |
| 801 | 2 | @aCN@bNLC@c20040413 |
| 905 | @f2@b114489-490@dI775.4@e18 | |
| 尘世艰难/(哥伦比亚)F.S.阿帕里西奥著/蒋宗曹,尹承东译.-哈尔滨:黑龙江人民出版社,1984 |
| 242页;19cm.-(西班牙葡萄牙语文学丛书) |
| 书名原文:La Rebelion de Las Ratas |
| ISBN :CNY1.10 |
| ● |
| 相关链接 |
|
|
|
|
正题名:尘世艰难
索取号:I775.4/18
 
预约/预借
| 序号 | 登录号 | 条形码 | 馆藏地/架位号 | 状态 | 备注 |
| 1 | 0114489 | 000169061 | 第二借阅区/ [索取号:I775.4/18] | 在馆 | |
| 2 | 0114490 | 000169105 | 第二借阅区/ [索取号:I775.4/18] | 在馆 | |
| 3 | 0114491 | 000169025 | 第一样本阅览室/ [索取号:I775.4/18] | 在馆 |